• 首页
  • 本馆介绍
  • 公告通知
  • 最新文献
  • 馆藏检索
  • 电子资源
  • 读者导购
  • 参考咨询
  • 我的图书馆
  • 登录
  • 详细信息显示
  • 放入我的书架
  • 预约/预借图书
  • 作者相关作品
  • 分类相关作品
  • 丛书相关作品
  • 出版社相关作品

书目信息

  • 表格格式
  • 工作单格式
  • 卡片格式
题名:
新版课程标准解析与教学指导
    
 
作者: 高振奋 主编
分册:   初中地理
出版信息: 北京   北京师范大学出版社  2022
页数: 356页
开本: 26cm
丛书名: 义务教育课程标准(2022年版)解析与教学指导丛书
单 册:
中图分类: G633 , G633.553
科图分类:
主题词: 中学地理课--初中--教学参考资料
电子资源:
ISBN: 978-7-303-28062-9
000 00994nam 2200265 450
001 012024000382
005 20240924225236.0
010    @a978-7-303-28062-9@dCNY66.00
100    @a20240924d2022 em y0chiy50 ea
101 0  @achi
102    @aCN@b110000
105    @aa z 000yy
106    @ar
200 1  @a新版课程标准解析与教学指导@Axin ban ke cheng biao zhun jie xi yu jiao xue zhi dao@e2022年版@i初中地理@f高振奋主编
210    @a北京@c北京师范大学出版社@d2022
215    @a356页@c图@d26cm
225 2  @a义务教育课程标准(2022年版)解析与教学指导丛书
330    @a本书分为《义务教育地理课程标准(2022年版)》解析;课程内容、学业要求及课堂教学实施;教学重点问题分析三部分。
410  0 @12001 @a义务教育课程标准(2022年版)解析与教学指导丛书
606 0  @a中学地理课@x初中@j教学参考资料
690    @aG633@v5
690    @aG633.553@v5
701  0 @a高振奋@Agao zhen fen@4主编
801  0 @aCN@bAHXH@c20240924
905    @b214144530@b214144549@b214144558@b214144567@b214144576@dG633@e591@f5
    
    新版课程标准解析与教学指导:2022年版.初中地理/高振奋主编.-北京:北京师范大学出版社,2022
    356页:图;26cm.-(义务教育课程标准(2022年版)解析与教学指导丛书)
    
    
    ISBN 978-7-303-28062-9:CNY66.00
    本书分为《义务教育地理课程标准(2022年版)》解析;课程内容、学业要求及课堂教学实施;教学重点问题分析三部分。
●
相关链接 在E读中查询图书 在五车中查询图书 在当当中查询图书 在豆瓣中查询图书


正题名:新版课程标准解析与教学指导     索取号:G633/591         预约/预借

序号 登录号 条形码 馆藏地/架位号 状态 备注
1 1414453   214144530   第一样本阅览室/ [索取号:G633/591] 在馆    
2 1414454   214144549   第四借阅区/ [索取号:G633/591] 在馆    
3 1414455   214144558   第四借阅区/ [索取号:G633/591] 在馆    
4 1414456   214144567   第四借阅区/ [索取号:G633/591] 在馆    
5 1414457   214144576   第四借阅区/ [索取号:G633/591] 在馆    
唐山师范学院图书馆 欢迎您!
大连网信软件有限公司© 版权所有